000
00297nam a22001217a 4500
999
_c
13219
_d
13219
020
_a
9781292153919
082
_a
004.019
100
_a
Sheiderman Plaisant Cohen Jacobs Elmqvist
245
_a
Designing the User Interface
260
_a
Malaysia
_b
Pearson
_c
2018
300
_a
622 pages
942
_c
BK